000 00572nam a2200205 i 4500
001 bgj
100 1 _aENGLER, Nick
245 1 0 _aOutdoor Furniture /
_cNick Engler.
260 _aEmmaus, Pa :
_bRodale Press,
_cc. 1988.
300 _a122 pp :
_bill. ;
_c29 cm.
490 1 _aBuild-It-Better-Yourself Woodworking Projects
650 9 _aOutdoor furniture
830 _aBuild-It-Better-Yourself Woodworking Projects
020 _a0878577882
040 _cBPK
041 0 _aeng
920 _a0-87857-788-2
942 _cKS
008 s uk f |000 0 eng
999 _c47557
_d47557
856 _uhttp://koha.tu.koszalin.pl/cgi-bin/koha/opac-detail.pl?biblionumber=47557
_yKatalog online BPK